000 00782nam a22002177i 4500
001 IT\ICCU\LIA\0027153
003 ItRI
005 20260115232310.0
008 920514s1969 it |||||| ||||| |||||c
040 _bita
_cimportazione bologna sebina
041 7 _aita
_2ISO-639-2
082 _a813.54
_9NARRATIVA AMERICANA IN LINGUA INGLESE. 1945-
_219
100 1 _aLevin, Ira
_0IT\ICCU\CFIV\108657
_4aut
240 1 0 _aRosemary's baby
_3IT\ICCU\TO0\1562459
_9Levin, Ira
245 1 0 _aRosemary's baby :
_bnastro rosso a New York : romanzo /
_cIra Levin ; [Traduzione di Attilio Veraldi!.
260 _aMilano :
_bGarzanti,
_c1969
300 _a250 p. ;
_c19 cm
700 1 _aVeraldi, Attilio
_0IT\ICCU\CFIV\046171
830 2 _aI rossi e i blu
_0IT\ICCU\RAV\0050828
942 _2ddc
_cBK
_n0
999 _c20248
_d20248